000 00417nam a22001697a 4500
003 LK-CoMWRAF
005 20231120224935.0
008 231120b |||||||| |||| 00| 0 eng d
040 _aLK-CoMWRAF
_dLK-CoMWRAF
_eLK-CoMWRAF
041 _aeng
082 _a823
_bDHI
100 _aDhingra, Leena
245 _aFirst light
260 _aNew Delhi :
_bRupa and company,
_c1991
650 _aEnglish Fiction
942 _cBK
999 _c4184
_d4184